| 000 | 00742nam a2200217Ia 4500 | ||
|---|---|---|---|
| 003 | GCL | ||
| 008 | 140319s9999 xx 000 0 ara d | ||
| 040 |
_aGCL / _cGCL |
||
| 082 | 0 | 4 |
_a922.2 _bج غ |
| 100 | 1 | _aبرجسيتراسر، ج (اخراج) | |
| 245 | 1 | 0 |
_aغاية النهاية فى طبقات القراء / _cبرجسيتراسر، ج (اخراج) |
| 700 | 1 | _aابن الجزرى : شمس الدين ابوالخير محمد بن محمد بن على بن يوسف العمرى | |
| 260 |
_a[S.N] : _bمكتبة المتنبى |
||
| 300 | _a622 | ||
| 490 | _a | ||
| 650 | 0 | 4 | _aالاسلام |
| 650 | 0 | 4 | _aالقراءات والتجويد |
| 650 | 0 | 4 | _aرواة وحفاظ |
| 650 | 0 | 4 | _aالقران |
| 942 |
_2ddc _cBK |
||
| 999 |
_c31434 _d31434 |
||